| 000 | 00608ntaaa2200193 4500 | ||
|---|---|---|---|
| 003 | 01 | ||
| 005 | 20251027201514.0 | ||
| 008 | 0714s1973 ag 01 | ||
| 040 |
_aAR-BaBN _bspa _cAR-BaBN _eaacr _dRIC |
||
| 082 | _a030.0000 L26 | ||
| 100 |
_aLanger, William _913666 |
||
| 245 |
_aEnciclopedia de la historia del mundo : _bCronologĂa completa y ordenada de las Edades Antigua, Media, Moderna y Contemporánea / _cWilliam Langer |
||
| 250 | _a1 ed. | ||
| 260 |
_aBuenos Aires : _bSopena Argentina, _c1957 |
||
| 300 | _a2 v | ||
| 650 |
_aEnciclopedia _94912 |
||
| 650 |
_aHistoria Universal _913667 |
||
| 942 | _cBK | ||
| 999 |
_c9690 _d9690 |
||